[Event "SG Porz 2 - SV Mülheim-Nord 2"]
[Site "Oberliga NRW 2010/2011"]
[Date "2010.11.28"]
[Round "3.2"]
[White "Korotkevych, Stanislav"]
[Black "Kaufeld, Juergen"]
[Result "1/2-1/2"]
[WhiteElo "2340"]
[BlackElo "2224"]
[PlyCount "81"]
[EventDate "2010.??.??"]

1. d4 d5 2. Nf3 Nf6 3. c4 c6 4. e3 Bf5 5. Nc3 e6 6. Nh4 Be4 7. f3 Bg6 8. Nxg6
hxg6 9. g3 Be7 10. Qe2 dxc4 11. Qxc4 a6 12. Bd2 b5 13. Qd3 Nbd7 14. a4 O-O 15.
Be2 Qb6 16. O-O e5 17. Kh1 exd4 18. exd4 c5 19. axb5 cxd4 20. Na4 Qxb5 21. Qxb5
axb5 22. Bxb5 Rfb8 23. Be2 Nd5 24. Bc4 Nb4 25. Bf4 Rc8 26. b3 g5 27. Bd2 Ne5
28. Nb6 Rxa1 29. Nxc8 Rxf1+ 30. Bxf1 Bc5 31. Kg2 f6 32. Nb6 Kf7 33. Nc4 Ke6 34.
Nxe5 Kxe5 35. Kh3 Nd5 36. Bd3 Bb4 37. Bc1 Ne3 38. Bxe3 dxe3 39. Kg4 Kd4 40. Bc4
Kc3 41. f4 1/2-1/2

[Event "SG Porz 2 - SV Mülheim-Nord 2"]
[Site "Oberliga NRW 2010/2011"]
[Date "2010.11.28"]
[Round "3.3"]
[White "Hausrath, Daniel"]
[Black "Malykin, Vitaly"]
[Result "1-0"]
[WhiteElo "2473"]
[BlackElo "2307"]
[Annotator ",Daniel"]
[PlyCount "67"]
[EventDate "2010.??.??"]

1. Nf3 d5 2. g3 Nf6 3. Bg2 Bf5 4. O-O e6 5. c4 c6 6. Qb3 Qc7 7. d3 Bd6 8. Nc3
O-O 9. cxd5 exd5 10. e4 dxe4 11. Nd4 Bg6 12. dxe4 Re8 13. Rd1 Bh5 14. Re1 Na6
15. Nf5 Nd7 16. Be3 Ndc5 17. Qc4 b5 18. Qf1 Bf8 19. Bf4 Qb6 20. e5 Nb4 21. Ne4
Nc2 22. Ned6 Nxe1 23. Rxe1 Bxd6 24. Nxd6 Bg6 $11 25. Rc1 Nd3 26. Rxc6 Qd4 27.
Be3 Qxe5 28. Nxe8 Rxe8 29. Rxg6 hxg6 30. Qxd3 Qxb2 31. Bd5 a5 32. Qxg6 Re7 33.
Qb6 Re8 34. Qb7 1-0

[Event "SG Porz 2 - SV Mülheim-Nord 2"]
[Site "Oberliga NRW 2010/2011"]
[Date "2010.11.28"]
[Round "3.4"]
[White "Coenen, Michael"]
[Black "Driessens, Patrick"]
[Result "1/2-1/2"]
[WhiteElo "2322"]
[BlackElo "2344"]
[PlyCount "214"]
[EventDate "2010.??.??"]

1. e4 e6 2. d4 d5 3. Nd2 b6 4. exd5 Qxd5 5. Ngf3 Nf6 6. Be2 Bb7 7. O-O Be7 8.
Nc4 O-O 9. Bf4 c5 10. Ne3 Qe4 11. Bg3 Rd8 12. c3 Nbd7 13. Re1 Qc6 14. Qb3 Ne4
15. Rad1 Nxg3 16. hxg3 Nf6 17. Bc4 Qc7 18. Bxe6 fxe6 19. Qxe6+ Kf8 20. Ng5 Bd6
21. Qc4 Re8 22. Nf5 Bd5 23. Nxh7+ Nxh7 24. Qxd5 Rxe1+ 25. Rxe1 Rd8 26. Re6 Bxg3
27. Qc4 cxd4 28. Qb4+ Qc5 29. Qxc5+ bxc5 30. Nxg3 dxc3 31. bxc3 Rd1+ 32. Kh2
Nf6 33. f3 Rd3 34. Ra6 Rxc3 35. Rxa7 Rc2 36. Nf5 g6 37. Ra6 Kf7 38. Ne3 Re2 39.
Nc4 Nh5 40. Nd6+ Kg7 41. Ra7+ Kg8 42. a4 Nf4 43. Kg3 Nxg2 44. a5 Ne3 45. a6 Ra2
46. Nb5 Nc2 47. Ra8+ Kh7 48. a7 Nd4 49. Rc8 Nxb5 50. a8=Q Rxa8 51. Rxa8 Nd4 52.
Rc8 Kg7 53. Rxc5 Kf6 54. Ra5 Ne6 55. Kg4 Kf7 56. f4 Kf6 57. Ra6 Kf7 58. Kf3 Ke7
59. Rb6 Kf7 60. Rd6 Ke7 61. Ra6 Kf7 62. Rb6 Ng7 63. Ke4 Nh5 64. Ke5 Kg7 65. Ra6
Kh7 66. Ra3 Kg7 67. f5 gxf5 68. Kxf5 Kf7 69. Ra7+ Kf8 70. Rb7 Ng7+ 71. Kg6 Ne8
72. Rf7+ Kg8 73. Rf4 Ng7 74. Rf2 Ne8 75. Rf1 Ng7 76. Kf6 Kf8 77. Ke5+ Ke7 78.
Rf6 Ne8 79. Ra6 Kd7 80. Rh6 Nc7 81. Rf6 Ne8 82. Rf7+ Kc6 83. Rh7 Nc7 84. Rh1
Kd7 85. Rc1 Ne8 86. Ra1 Nc7 87. Rd1+ Kc6 88. Rd6+ Kc5 89. Rh6 Nb5 90. Rh1 Nc3
91. Rh8 Kc4 92. Rd8 Nb5 93. Rd7 Nc3 94. Rd4+ Kc5 95. Rh4 Nb5 96. Rh8 Kc6 97.
Rh2 Nc7 98. Rd2 Ne8 99. Rc2+ Kd7 100. Kd4 Nc7 101. Rh2 Kc6 102. Rh6+ Kd7 103.
Rg6 Ne6+ 104. Ke5 Nc7 105. Rb6 Ne8 106. Ra6 Nc7 107. Ra7 Kc6 1/2-1/2

[Event "SG Porz 2 - SV Mülheim-Nord 2"]
[Site "Oberliga NRW 2010/2011"]
[Date "2010.11.28"]
[Round "3.5"]
[White "Caessens, Rob"]
[Black "Kreutzkamp, Reinhold"]
[Result "1/2-1/2"]
[WhiteElo "2241"]
[BlackElo "2241"]
[PlyCount "32"]
[EventDate "2010.??.??"]

1. d4 d5 2. Nf3 Nf6 3. Bf4 Bf5 4. e3 e6 5. Bd3 Bxd3 6. Qxd3 c6 7. Nbd2 Be7 8.
Bxb8 Rxb8 9. g4 Nd7 10. c4 dxc4 11. Nxc4 Nb6 12. Nxb6 Qxb6 13. O-O-O O-O 14.
Kb1 Rbd8 15. Qc2 c5 16. dxc5 Qxc5 1/2-1/2

[Event "SG Porz 2 - SV Mülheim-Nord 2"]
[Site "Oberliga NRW 2010/2011"]
[Date "2010.11.28"]
[Round "3.6"]
[White "Gallinnis, Norbert"]
[Black "Bus, Tomas"]
[Result "1-0"]
[WhiteElo "2223"]
[BlackElo "2154"]
[Annotator ",Daniel"]
[PlyCount "125"]
[EventDate "2010.??.??"]

1. e4 c5 2. Na3 Nc6 3. g3 g6 4. h4 h5 5. Bg2 Bg7 6. Nf3 Nf6 7. d3 O-O 8. O-O d6
9. c3 Rb8 10. Nc4 b5 11. Ne3 Bd7 12. Ng5 b4 13. Nc4 bxc3 14. bxc3 Nh7 $11 15.
Qc2 Nxg5 16. hxg5 Nb4 17. Qd2 Qc7 18. f4 e6 19. e5 dxe5 20. Nxe5 Bxe5 21. fxe5
Nd5 22. d4 cxd4 23. cxd4 Qc3 24. Qxc3 Nxc3 25. Rf2 Rfc8 26. Ba3 Rb1+ 27. Rxb1
Nxb1 28. Bc5 a5 29. Rb2 Nc3 30. Bb7 Re8 31. a3 Ba4 32. Rb6 Rd8 33. Kf2 Bb5 34.
Ke1 Bc4 35. Kd2 Na4 36. Rd6 Rb8 37. Rd7 Bb5 38. Rc7 Nxc5 39. dxc5 Rd8+ 40. Kc2
Kg7 41. Bf3 Rd4 42. Ra7 a4 43. c6 Rc4+ 44. Kb2 Bxc6 45. Rc7 Rc5 46. Bxc6 Rxe5
47. Bxa4 Rxg5 48. Rc3 h4 49. gxh4 Rg4 50. Bd1 Rxh4 51. a4 Rd4 52. Bb3 Rd7 53.
a5 g5 54. a6 Kf6 55. Rc5 Ra7 56. Bc4 g4 57. Bb5 e5 58. Kc2 e4 59. Kd2 g3 60.
Ke3 Re7 61. Kf4 e3 62. Rf5+ Kg7 63. Be2 1-0

[Event "SG Porz 2 - SV Mülheim-Nord 2"]
[Site "Oberliga NRW 2010/2011"]
[Date "2010.11.28"]
[Round "3.7"]
[White "Wittenberg, Andreas"]
[Black "Peschlow, Patrick"]
[Result "1/2-1/2"]
[WhiteElo "2174"]
[BlackElo "2280"]
[PlyCount "38"]
[EventDate "2010.??.??"]

1. d4 Nf6 2. Nf3 g6 3. g3 Bg7 4. Bg2 d5 5. O-O O-O 6. c4 dxc4 7. Na3 Nc6 8.
Nxc4 Be6 9. Nce5 Bd5 10. Bf4 a5 11. Nxc6 Bxc6 12. Be5 Be4 13. Rc1 c6 14. Qb3
Ra6 15. Rfd1 Qb6 16. Nd2 Bxg2 17. Kxg2 Nd5 18. Bxg7 Kxg7 19. Qxb6 Rxb6 1/2-1/2

[Event "SG Porz 2 - SV Mülheim-Nord 2"]
[Site "Oberliga NRW 2010/2011"]
[Date "2010.11.28"]
[Round "3.8"]
[White "Kloke, Stephan"]
[Black "Nachbar, Benjamin"]
[Result "0-1"]
[WhiteElo "2002"]
[BlackElo "2015"]
[PlyCount "48"]
[EventDate "2010.??.??"]

1. e4 c6 2. d4 d5 3. Nd2 dxe4 4. Nxe4 Bf5 5. Ng3 Bg6 6. h4 h6 7. h5 Bh7 8. Nf3
e6 9. Bd3 Bxd3 10. Qxd3 Nf6 11. Bf4 c5 12. O-O-O Nc6 13. Rhe1 cxd4 14. Qb5 Qb6
15. Nxd4 Bc5 16. Qxb6 axb6 17. Nb5 O-O 18. Be3 Rxa2 19. Rd3 Nb4 20. Ra3 Rxa3
21. bxa3 Nbd5 22. Kb2 Nxe3 23. fxe3 Rd8 24. Re2 Rd5 0-1

[Event "SF Katernberg 2 - SK Münster 1"]
[Site "Oberliga NRW 2010/2011"]
[Date "2010.11.28"]
[Round "3.1"]
[White "Cuijpers, Frans"]
[Black "Kotainy, Jens"]
[Result "1/2-1/2"]
[WhiteElo "2422"]
[BlackElo "2353"]
[Annotator ",Daniel"]
[PlyCount "113"]
[EventDate "2010.??.??"]

1. e4 e6 2. d4 d5 3. Nc3 Nf6 4. Bg5 Bb4 5. e5 h6 6. Be3 Ne4 7. Qg4 g6 8. a3
Bxc3+ 9. bxc3 c5 10. Bd3 h5 11. Qf3 Nxc3 12. dxc5 d4 13. Bd2 Nc6 14. Qf4 Qd5
15. Nf3 Qxc5 16. O-O Bd7 17. Ng5 Rf8 18. Bxc3 dxc3 19. Rfe1 O-O-O 20. Ne4 Qd4
21. Nd6+ Kb8 22. Re4 Qc5 23. Rb1 Bc8 24. Ba6 Rd7 25. Bb5 g5 26. Qf6 b6 27. h3
g4 28. hxg4 hxg4 29. Rc4 Qxe5 30. Qxe5 Nxe5 31. Rxc8+ Rxc8 32. Bxd7 Rd8 33.
Nxf7 Nxf7 34. Bxe6 Nh6 35. Bc4 Rd2 36. Bd3 g3 37. fxg3 Ng4 38. Re1 Kb7 39. Bf5
Nh6 40. Bd3 Ng4 41. Be4+ Ka6 42. Bf3 Nh6 43. g4 Rxc2 44. g5 Nf7 45. g6 Nh6 46.
Be4 Rd2 47. Rc1 Rd4 48. Bf3 Rd6 $11 49. Rxc3 Rxg6 50. Kf2 Ng4+ 51. Bxg4 Rxg4
52. Kf3 Rh4 53. g3 Rh8 $11 54. Kf4 Rf8+ 55. Ke5 Re8+ 56. Kf6 Rg8 57. Kf5
1/2-1/2

[Event "SF Katernberg 2 - SK Münster 1"]
[Site "Oberliga NRW 2010/2011"]
[Date "2010.11.28"]
[Round "3.2"]
[White "Rosen, Bernd"]
[Black "Kuijf, Marinus"]
[Result "0-1"]
[WhiteElo "2304"]
[BlackElo "2360"]
[PlyCount "66"]
[EventDate "2010.??.??"]

1. e4 e6 2. d4 d5 3. Nc3 Nf6 4. Bg5 Be7 5. e5 Nfd7 6. h4 h6 7. Bxe7 Qxe7 8. Qg4
O-O 9. O-O-O c5 10. Nf3 Nc6 11. Qf4 cxd4 12. Nb5 f6 13. exf6 Rxf6 14. Qd2 Nc5
15. Nbxd4 e5 16. Re1 Ne4 17. Nxc6 bxc6 18. Qe3 Rb8 19. Bc4 Kh8 20. Bb3 a5 21.
h5 Bg4 22. Nh4 Bxh5 23. f3 Ng3 24. Rh3 Rb4 25. Rxg3 Rxh4 26. Qxe5 Qf8 27. a4
Bf7 28. Qe2 Qb8 29. Qe5 Qb4 30. Kb1 c5 31. Qe7 c4 32. Ba2 Qxe7 33. Rxe7 Rh1+
0-1

[Event "SF Katernberg 2 - SK Münster 1"]
[Site "Oberliga NRW 2010/2011"]
[Date "2010.11.28"]
[Round "3.3"]
[White "Libeau, Rene Andre"]
[Black "Hoolt, Sarah"]
[Result "0-1"]
[WhiteElo "2340"]
[BlackElo "2217"]
[Annotator ",Daniel"]
[PlyCount "100"]
[EventDate "2010.??.??"]

1. Nf3 Nf6 2. g3 d5 3. Bg2 Nbd7 4. O-O e5 5. c4 dxc4 6. Qa4 c6 7. Qxc4 Bd6 8.
d3 O-O 9. Nbd2 Re8 10. b3 Qe7 11. Bb2 a5 12. a3 h6 13. Qc2 Bc7 14. e4 Nf8 15.
d4 Ng6 16. Rae1 Bg4 17. dxe5 Nxe5 18. Nd4 Rad8 19. Nc4 Qd7 20. Ne3 Bb6 21. Nxg4
Qxg4 22. Rd1 Bxd4 23. Bxd4 Nf3+ 24. Bxf3 Qxf3 25. Bxf6 $11 Qxf6 26. Qc5 Rxd1
27. Rxd1 Qf3 28. Rd4 Rxe4 29. Rxe4 Qxe4 30. Qb6 Qb1+ 31. Kg2 a4 32. Qd8+ Kh7
33. bxa4 Qe4+ 34. Kg1 Qxa4 35. Qd3+ g6 36. h4 h5 37. Qd7 Qb3 38. Qe7 Qd1+ 39.
Kh2 Qf3 40. Kg1 b5 41. Qf8 Qd5 42. Qb4 Qd1+ 43. Kg2 Qc1 44. Qb3 Kg7 45. Qd3 c5
46. Qxb5 Qxa3 47. Kf1 Qb4 48. Qc6 Qd4 49. Ke2 c4 50. Qf3 Qb2+ 0-1

[Event "SF Katernberg 2 - SK Münster 1"]
[Site "Oberliga NRW 2010/2011"]
[Date "2010.11.28"]
[Round "3.4"]
[White "Villwock, Martin"]
[Black "Hainke, Guntram"]
[Result "1-0"]
[WhiteElo "2131"]
[BlackElo "2253"]
[PlyCount "53"]
[EventDate "2010.??.??"]

1. e4 c6 2. d4 d5 3. e5 Bf5 4. h4 h5 5. Bg5 Qb6 6. Bd3 Bxd3 7. Qxd3 Qxb2 8. Nf3
Qxa1 9. Qb3 b5 10. O-O a5 11. c4 dxc4 12. Qc2 e6 13. d5 exd5 14. e6 f6 15. Be3
c5 16. Na3 Qxf1+ 17. Kxf1 b4 18. Nb5 Kd8 19. Bf4 Nc6 20. Nc7 Ra7 21. Nxd5 c3
22. Qa4 Nge7 23. Nxe7 Nxe7 24. Bb8 Rb7 25. Qxa5+ Kc8 26. Bf4 Nc6 27. Qa8+ 1-0

[Event "SF Katernberg 2 - SK Münster 1"]
[Site "Oberliga NRW 2010/2011"]
[Date "2010.11.28"]
[Round "3.5"]
[White "Molinaroli, Martin"]
[Black "Gassmann, Volker"]
[Result "1-0"]
[WhiteElo "2214"]
[BlackElo "2202"]
[PlyCount "67"]
[EventDate "2010.??.??"]

1. d4 d5 2. Nf3 Nf6 3. c3 Bf5 4. Qb3 Qc8 5. Bf4 Nbd7 6. e3 e6 7. c4 Be7 8. Nc3
O-O 9. cxd5 Nxd5 10. Nxd5 exd5 11. Be2 c5 12. dxc5 Nxc5 13. Qd1 Ne6 14. Be5
Bb4+ 15. Kf1 Qd7 16. a3 Ba5 17. Nd4 Bg6 18. h4 Rac8 19. h5 Be4 20. h6 f6 21.
Bg4 f5 22. hxg7 Nxg7 23. Be2 f4 24. exf4 Rc4 25. Rh3 Rxd4 26. Qxd4 Nf5 27. Qxa7
Qd8 28. Qxb7 Rf7 29. Qc6 Ne7 30. Rg3+ Bg6 31. Qa6 Nf5 32. Rxg6+ hxg6 33. Qxg6+
Kf8 34. Bh5 1-0

[Event "SF Katernberg 2 - SK Münster 1"]
[Site "Oberliga NRW 2010/2011"]
[Date "2010.11.28"]
[Round "3.6"]
[White "Wessendorf, Thomas"]
[Black "Rott, Georg"]
[Result "1-0"]
[WhiteElo "2223"]
[BlackElo "2137"]
[PlyCount "125"]
[EventDate "2010.??.??"]

1. e4 e6 2. d4 d5 3. Nd2 Nf6 4. e5 Nfd7 5. c3 c5 6. Bd3 Nc6 7. Ne2 cxd4 8. cxd4
f6 9. exf6 Nxf6 10. Nf3 Bd6 11. O-O Qc7 12. g3 O-O 13. Bf4 e5 14. dxe5 Nxe5 15.
Nxe5 Bxe5 16. Rc1 Qd6 17. Bxe5 Qxe5 18. Qb3 Bg4 19. Rfe1 Rf7 20. Qc3 Qd6 21.
Qd4 b6 22. Nc3 Rd8 23. Nb5 Qf8 24. Re5 Bf3 25. Bf5 Nd7 26. Be6 Nxe5 27. Qxe5
Kh8 28. Bxf7 Qxf7 29. Nd6 Qd7 30. Qf4 Bh5 31. Nf5 Bg6 32. Nh4 Be4 33. f3 Bd3
34. Qd4 Ba6 35. g4 Kg8 36. Nf5 Rf8 37. Qe5 Re8 38. Rc7 Rxe5 39. Rxd7 g6 40.
Ne7+ Kf8 41. Nxd5 Bb5 42. Rd8+ Kf7 43. Nc3 Bc6 44. Kf2 Re7 45. Rd6 Rc7 46. g5
Kg7 47. Ne2 h6 48. Nf4 Bd7 49. Rxg6+ Kf7 50. Rf6+ Kg7 51. Nh5+ Kg8 52. Rxh6 Bf5
53. Rf6 Bb1 54. Rd6 Rc2+ 55. Kg3 Rxb2 56. g6 Bxg6 57. Rxg6+ Kh7 58. Rg4 Rxa2
59. Nf6+ Kh6 60. h4 Ra1 61. h5 Rg1+ 62. Kf4 Rxg4+ 63. fxg4 1-0

[Event "SF Katernberg 2 - SK Münster 1"]
[Site "Oberliga NRW 2010/2011"]
[Date "2010.11.28"]
[Round "3.7"]
[White "Korth, Daniel"]
[Black "Bachmann, Karlheinz"]
[Result "1/2-1/2"]
[WhiteElo "2127"]
[BlackElo "2194"]
[PlyCount "48"]
[EventDate "2010.??.??"]

1. d4 d5 2. c4 dxc4 3. Nf3 Nf6 4. e3 e6 5. Bxc4 c5 6. O-O a6 7. dxc5 Bxc5 8.
Qxd8+ Kxd8 9. Ne5 Ke7 10. Be2 Nbd7 11. Nd3 Bd6 12. Nd2 Nc5 13. Nxc5 Bxc5 14.
Nb3 Bd6 15. Bd2 Ne4 16. Ba5 Bd7 17. Bf3 Bc6 18. Rfc1 Bd5 19. Nd2 Nxd2 20. Bxd5
exd5 21. Bxd2 Rac8 22. Bc3 f6 23. Kf1 Be5 24. Bxe5 fxe5 1/2-1/2

[Event "Aachener SV 1 - Godesberger SK 1"]
[Site "Oberliga NRW 2010/2011"]
[Date "2010.11.28"]
[Round "3.1"]
[White "Likavsky, Tomas"]
[Black "Koch, Thomas"]
[Result "0-1"]
[WhiteElo "2417"]
[BlackElo "2400"]
[Annotator ",Daniel"]
[PlyCount "140"]
[EventDate "2010.??.??"]

1. d4 Nf6 2. c4 e6 3. g3 Bb4+ 4. Bd2 Bxd2+ 5. Qxd2 d6 6. Nc3 O-O 7. Bg2 Nbd7 8.
e3 e5 9. Nge2 Re8 10. h3 exd4 11. Nxd4 Nc5 12. Qc2 c6 13. Rd1 Qe7 $11 14. Nf5
Bxf5 15. Qxf5 a5 16. O-O Qe5 17. Qc2 Rad8 18. Rd4 Ne6 19. Rd2 h5 20. Rfd1 Nc5
21. a3 Rd7 22. b4 axb4 23. axb4 Ne6 24. b5 Rc8 25. Na4 Rdd8 26. Nb6 Rc7 27. Qd3
Qc5 28. Na4 Qb4 29. Qc3 Qxa4 30. Ra1 cxb5 31. Rxa4 bxa4 32. Qb4 Nc5 33. Bf3 Ra8
34. Ra2 Ra6 35. Bd1 Rcc6 36. Bc2 Nfd7 37. Qd2 Nb3 38. Qd1 Rcb6 39. Qxh5 g6 40.
Qd1 Rb4 41. h4 Nbc5 42. h5 gxh5 43. Qxh5 Rxc4 44. Qg5+ Kf8 45. Qd8+ Kg7 46. Kg2
Nf6 47. Bf5 d5 48. Ra1 Ne6 49. Qb8 Rb4 50. Ra3 Nf8 51. f4 N8d7 52. Qd8 Rb2+ 53.
Kf3 Nc5 54. g4 Nce4 55. Bxe4 Nxe4 56. Qxd5 Nd2+ 57. Kf2 Rh6 58. Qd4+ Kg8 59.
Qd8+ Kg7 60. f5 Rh2+ 61. Kg3 Ne4+ 62. Kf4 Rb4 63. Ke5 f6+ 64. Ke6 Ng5+ 65. Kd5
Rd2+ 66. Kc5 Rxd8 67. Kxb4 Re8 68. Kxa4 Ra8+ 69. Kb4 Rxa3 70. Kxa3 Nf3 0-1

[Event "Aachener SV 1 - Godesberger SK 1"]
[Site "Oberliga NRW 2010/2011"]
[Date "2010.11.28"]
[Round "3.2"]
[White "Piceu, Tom"]
[Black "Dranov, Aleksandr"]
[Result "0-1"]
[WhiteElo "2328"]
[BlackElo "2442"]
[PlyCount "84"]
[EventDate "2010.??.??"]

1. d4 Nf6 2. c4 e6 3. Bg5 h6 4. Bh4 b6 5. a3 Bb7 6. Nc3 Be7 7. Nf3 O-O 8. e3 c5
9. Be2 cxd4 10. exd4 d5 11. Bxf6 Bxf6 12. cxd5 exd5 13. O-O Nc6 14. Re1 Re8 15.
Qd2 Qd6 16. Nb5 Qd7 17. Bf1 a6 18. Nc3 Na5 19. Qf4 Nc4 20. b3 Rxe1 21. Rxe1
Nxa3 22. Na4 Qd8 23. Bd3 Nb5 24. Ne5 Nd6 25. Ng4 Bg5 26. Qe5 Ne4 27. f3 Nf6 28.
Nf2 Bd2 29. Re2 Bb4 30. Ng4 Nxg4 31. fxg4 Rc8 32. g3 Bd6 33. Qh5 b5 34. Nc5
Bxc5 35. dxc5 Rxc5 36. Qe5 Rc8 37. Bf5 Qb6+ 38. Rf2 Rf8 39. Qe7 d4 40. Bh7+
Kxh7 41. Qxf8 Qc6 42. Kf1 d3 0-1

[Event "Aachener SV 1 - Godesberger SK 1"]
[Site "Oberliga NRW 2010/2011"]
[Date "2010.11.28"]
[Round "3.3"]
[White "Jackelen, Thomas"]
[Black "Sonntag, Hans-Hubert"]
[Result "1/2-1/2"]
[WhiteElo "2378"]
[BlackElo "2362"]
[PlyCount "50"]
[EventDate "2010.??.??"]

1. Nf3 Nf6 2. c4 e6 3. g3 d5 4. d4 dxc4 5. Bg2 a6 6. O-O b5 7. Ne5 Nd5 8. a4
Bb7 9. e4 Nf6 10. Nc3 b4 11. Nb1 c5 12. d5 Be7 13. dxe6 fxe6 14. Qe2 Qc7 15.
Nxc4 Nbd7 16. Nbd2 e5 17. b3 O-O 18. Bb2 Rae8 19. Rad1 a5 20. Ne3 Nb8 21. Nd5
Nxd5 22. exd5 Bd6 23. Rfe1 Ba6 24. Qe3 c4 25. bxc4 Bc5 1/2-1/2

[Event "Aachener SV 1 - Godesberger SK 1"]
[Site "Oberliga NRW 2010/2011"]
[Date "2010.11.28"]
[Round "3.4"]
[White "Coenen, Norbert"]
[Black "Mertens, Heiko"]
[Result "1-0"]
[WhiteElo "2343"]
[BlackElo "2282"]
[PlyCount "101"]
[EventDate "2010.??.??"]

1. e4 d6 2. d4 e5 3. Nf3 Nf6 4. dxe5 Nxe4 5. Qd5 Nc5 6. Bg5 Qd7 7. exd6 Bxd6 8.
Nc3 O-O 9. O-O-O a6 10. Be3 Ne6 11. Qe4 Nc6 12. Bd3 f5 13. Qh4 Qe7 14. Qxe7
Nxe7 15. Bc4 Kh8 16. Rhe1 Ng6 17. Bd2 Nc5 18. h4 b5 19. Bd5 Bb7 20. h5 Nf4 21.
Bxb7 Nxb7 22. h6 gxh6 23. g3 Nh3 24. Be3 Kg8 25. Rh1 f4 26. gxf4 Nxf4 27. Rhg1+
Ng6 28. Nh4 Bf4 29. Bxf4 Rxf4 30. Nxg6 hxg6 31. Rxg6+ Kh7 32. Rc6 Raf8 33. Rxa6
Nd6 34. Ra7 R8f7 35. Nd5 Rxf2 36. Rxc7 h5 37. Rh1 Rxc7 38. Nxc7 Rf5 39. b3 Kg6
40. Ne6 Ne4 41. Nd4 Rd5 42. Ne2 Kg5 43. Rxh5+ Kxh5 44. Nf4+ Kg5 45. Nxd5 Kf5
46. Kb2 Nc5 47. Kc3 Na6 48. Nb4 Nc7 49. Kd4 Ke6 50. Kc5 Kd7 51. c3 1-0

[Event "Aachener SV 1 - Godesberger SK 1"]
[Site "Oberliga NRW 2010/2011"]
[Date "2010.11.28"]
[Round "3.5"]
[White "Schmidt, Bodo"]
[Black "Klein, Felix"]
[Result "1/2-1/2"]
[WhiteElo "2333"]
[BlackElo "2261"]
[PlyCount "60"]
[EventDate "2010.??.??"]

1. d4 d5 2. c4 e6 3. Nf3 c6 4. e3 f5 5. Bd3 Nf6 6. O-O Bd6 7. b3 Qe7 8. Bb2 O-O
9. Qc1 b6 10. Ba3 Bb7 11. Bxd6 Qxd6 12. Nc3 Ne4 13. Ne5 Nd7 14. f3 Nxc3 15.
Qxc3 Nxe5 16. dxe5 Qe7 17. cxd5 cxd5 18. b4 Rfc8 19. Qb2 a5 20. a3 Ba6 21. b5
Bb7 22. Rfc1 Rc5 23. Rxc5 Qxc5 24. Qd4 Rc8 25. Kf2 Qxd4 26. exd4 Rc3 27. Ke2
Bc8 28. Kd2 Rc7 29. h4 Bd7 30. g4 f4 1/2-1/2

[Event "Aachener SV 1 - Godesberger SK 1"]
[Site "Oberliga NRW 2010/2011"]
[Date "2010.11.28"]
[Round "3.6"]
[White "Begnis, Nikolaos"]
[Black "Armbruster, Alexander"]
[Result "1/2-1/2"]
[WhiteElo "2252"]
[BlackElo "2238"]
[PlyCount "99"]
[EventDate "2010.??.??"]

1. e4 c5 2. Nf3 e6 3. d4 cxd4 4. Nxd4 Nc6 5. Nc3 Qc7 6. Be3 a6 7. Be2 Nf6 8.
O-O Bb4 9. Na4 Be7 10. c4 Nxe4 11. c5 d6 12. Bf3 Nxc5 13. Nxc6 bxc6 14. Nxc5
dxc5 15. Qa4 O-O 16. Bf4 e5 17. Qxc6 Qxc6 18. Bxc6 Rb8 19. Bxe5 Rb6 20. Bd5 Be6
21. Rad1 Bf6 22. Bxf6 gxf6 23. b3 a5 24. Rfe1 Kg7 25. h3 Rc8 26. Bxe6 fxe6 27.
Rd7+ Kg6 28. Re3 a4 29. Rg3+ Kf5 30. Rxh7 e5 31. Re7 axb3 32. axb3 c4 33. Rf3+
Kg6 34. bxc4 Rxc4 35. Kh2 Ra4 36. Kg3 Ra2 37. h4 Ra1 38. Kh2 Ra4 39. Rg3+ Kf5
40. Rh3 Kg6 41. h5+ Kh6 42. Re8 Rf4 43. f3 Rf5 44. Rh8+ Kg7 45. Re8 Kh6 46. Rg8
Rb1 47. Rf8 Ra1 48. Rh8+ Kg7 49. Re8 Kh6 50. Rh8+ 1/2-1/2

[Event "Aachener SV 1 - Godesberger SK 1"]
[Site "Oberliga NRW 2010/2011"]
[Date "2010.11.28"]
[Round "3.7"]
[White "Luetke, Jens"]
[Black "Frombach, Ralf"]
[Result "0-1"]
[WhiteElo "2281"]
[BlackElo "2180"]
[PlyCount "78"]
[EventDate "2010.??.??"]

1. e4 c5 2. Nf3 e6 3. d3 Nc6 4. g3 g6 5. h4 h6 6. c3 Bg7 7. Be3 b6 8. d4 cxd4
9. Nxd4 Nxd4 10. cxd4 Ne7 11. Nc3 O-O 12. h5 g5 13. f4 gxf4 14. Bxf4 f5 15. e5
Bb7 16. Rg1 Nd5 17. Nxd5 Bxd5 18. Qd2 Qe7 19. Be2 Kh7 20. a3 Rac8 21. Rc1 Rc6
22. Bb5 Rxc1+ 23. Qxc1 Qf7 24. Qd1 Be4 25. Ba6 Rg8 26. Kf2 Bf8 27. Be2 Be7 28.
Qd2 Bg5 29. Rc1 Bc6 30. b4 b5 31. Qe3 Bxf4 32. Qxf4 Qe7 33. Rc5 a6 34. a4 bxa4
35. Bxa6 Rg4 36. Qd2 f4 37. Bd3+ Kg7 38. d5 Bxd5 39. gxf4 Rg2+ 0-1

[Event "Aachener SV 1 - Godesberger SK 1"]
[Site "Oberliga NRW 2010/2011"]
[Date "2010.11.28"]
[Round "3.8"]
[White "Petzold, Klaus"]
[Black "Andersen, Hans-Christoph"]
[Result "0-1"]
[WhiteElo "2175"]
[BlackElo "2210"]
[Annotator ",Daniel"]
[PlyCount "54"]
[EventDate "2010.??.??"]

1. c4 f5 2. b3 e5 3. Bb2 d6 4. d4 e4 5. Nh3 Nf6 6. g3 c6 7. Bg2 Be7 8. O-O O-O
9. Qd2 Na6 10. Ba3 Rb8 11. Rc1 b5 12. Bb2 d5 13. Na3 Bd7 14. cxb5 cxb5 15. Nc2
Bd6 16. e3 h6 17. a3 g5 18. Nb4 Nxb4 19. axb4 Rb7 20. Ra6 Qe7 21. Rc5 f4 22.
Kh1 fxe3 23. Qxe3 Bg4 24. Rcc6 Ne8 25. Ng1 Bd7 26. Rc5 Nc7 27. Ra1 Qf6 {Zü} 0-1

[Event "SV Castrop-Rauxel 1 - PSV Duisburg 1"]
[Site "Oberliga NRW 2010/2011"]
[Date "2010.11.28"]
[Round "3.1"]
[White "Fleck, Juergen"]
[Black "de Jong, Jan Willem"]
[Result "1/2-1/2"]
[WhiteElo "2358"]
[BlackElo "2378"]
[Annotator ",Daniel"]
[PlyCount "56"]
[EventDate "2010.??.??"]

1. e4 e5 2. Nf3 Nc6 3. Bb5 a6 4. Ba4 Nf6 5. O-O Nxe4 6. d4 b5 7. Bb3 d5 8. dxe5
Be6 9. c3 Nc5 10. Bc2 Bg4 11. Nbd2 Ne6 12. Re1 Bc5 13. Nf1 Bh5 14. Ng3 Bg6 15.
Be3 Bxe3 16. Rxe3 Ne7 17. b4 O-O 18. a4 Bxc2 19. Qxc2 c5 20. axb5 axb5 21. Rxa8
Qxa8 22. bxc5 Rc8 23. Qb1 Rxc5 24. h3 $11 Qa4 25. Ne2 Nc6 26. Qf5 Ne7 27. Qb1
Nc6 28. Qf5 Ne7 1/2-1/2

[Event "SV Castrop-Rauxel 1 - PSV Duisburg 1"]
[Site "Oberliga NRW 2010/2011"]
[Date "2010.11.28"]
[Round "3.2"]
[White "Muhren, Bianca"]
[Black "Kistella, Roman"]
[Result "0-1"]
[WhiteElo "2289"]
[BlackElo "2286"]
[PlyCount "80"]
[EventDate "2010.??.??"]

1. e4 c5 2. Nf3 d6 3. d4 cxd4 4. Nxd4 Nf6 5. Nc3 a6 6. Be3 e6 7. a4 Be7 8. Be2
O-O 9. O-O Qc7 10. f4 Nc6 11. Kh1 Re8 12. a5 Nxa5 13. e5 dxe5 14. fxe5 Nd5 15.
Nxd5 exd5 16. Bd3 Rf8 17. Nf5 Nc6 18. Nxg7 Qxe5 19. Nf5 Bxf5 20. Rxf5 Qxe3 21.
Qh5 h6 22. Raf1 Rae8 23. Rxf7 Qg5 24. Qf3 Ne5 25. Rxf8+ Rxf8 26. Qxd5+ Kg7 27.
Re1 Nxd3 28. Qxd3 Bf6 29. Re3 Rd8 30. Qxd8 Bxd8 31. Rg3 Qxg3 32. hxg3 Bb6 33.
g4 Kg6 34. Kh2 Bf2 35. g3 Kg5 36. Kg2 Bd4 37. c3 Bxc3 38. bxc3 Kxg4 39. Kf2 h5
40. c4 a5 0-1

[Event "SV Castrop-Rauxel 1 - PSV Duisburg 1"]
[Site "Oberliga NRW 2010/2011"]
[Date "2010.11.28"]
[Round "3.3"]
[White "Schmitz, Joachim"]
[Black "Racherbaeumer, Marcel"]
[Result "1/2-1/2"]
[WhiteElo "2278"]
[BlackElo "2246"]
[PlyCount "41"]
[EventDate "2010.??.??"]

1. e4 c5 2. Nf3 e6 3. g3 Nc6 4. Bg2 d5 5. exd5 exd5 6. d4 Bg4 7. O-O cxd4 8. h3
Bh5 9. g4 Bg6 10. Nxd4 Nf6 11. c4 Be4 12. Bxe4 Nxe4 13. cxd5 Qxd5 14. Nxc6 Qxd1
15. Rxd1 bxc6 16. Be3 Bc5 17. Nd2 Bxe3 18. Nxe4 Bf4 19. Nd6+ Kf8 20. Nc4 h5 21.
Rd4 1/2-1/2

[Event "SV Castrop-Rauxel 1 - PSV Duisburg 1"]
[Site "Oberliga NRW 2010/2011"]
[Date "2010.11.28"]
[Round "3.4"]
[White "Kartsev, Soel"]
[Black "Schiffer, Kai-Uwe"]
[Result "1-0"]
[WhiteElo "2103"]
[BlackElo "2252"]
[PlyCount "75"]
[EventDate "2010.??.??"]

1. d4 f5 2. g3 Nf6 3. Bg2 g6 4. Nh3 Bg7 5. Nf4 Nc6 6. d5 Ne5 7. Nc3 O-O 8. h4
Nf7 9. e4 e5 10. dxe6 dxe6 11. Nd3 e5 12. Be3 Nd6 13. Qe2 fxe4 14. Nc5 Bg4 15.
Qf1 Qe7 16. N5xe4 Ndxe4 17. Nxe4 Qb4+ 18. Nd2 Rad8 19. a3 Qxb2 20. Qc4+ Kh8 21.
O-O b5 22. Qxc7 Rc8 23. Qxa7 Qxc2 24. Nf3 Nd5 25. Rac1 Qf5 26. Nh2 Nc3 27. Kh1
Be2 28. Rfe1 Bd3 29. Qb7 e4 30. Qa7 Ra8 31. Qc5 Nd5 32. Bd4 Rfc8 33. Bxg7+ Kxg7
34. Qd4+ Nf6 35. g4 Rxc1 36. Rxc1 Qd5 37. Rc7+ Kg8 38. Qxf6 1-0